Martin

Zobrazenie: Tri čiastkové zasnežené pohľady. V prvom pohľade je dole modrým písmom názov. Pohľad na Horský Hotel Podstráne vľavo za zasneženou prázdnou plochou v popredí. Za hotelom je hustý ihličnatý les. Pohľad na Námestie SNP v pozadí s budovou Roľníckej vzájomnej pokladnice (dnes Unicredit Bank)...

Full description

Bibliographic Details
Other Authors: Lašut, Filip, 1945-2012 (Photographer)
Format: Photo
Language:Slovak
PhysicalDescription:1 pohľadnica (3 čiastkové pohľady) farebná 15 x 11 cm
Published: Bratislava ČSTK-Pressfoto 1989
Subjects:

MARC

LEADER 00000ckm a2200000 a 4500
001 vtls001205622
003 SK-MaSNL
005 20260425224422.0
007 kf co
008 230718s1989 xo g 0kuslo
015 |a SNBG1989 
035 |a SNK000148692 
035 |a CECA240D-A817-4F04-8BAC-0415707ACD2A 
035 |a urn:nbn:sk:snk-km00giiv 
040 |a SNK  |b slo  |c SNK  |e AACR2 
041 0 |a slo 
043 |a e-xo--- 
044 |a xo  |c SK 
072 7 |a 913  |x Regionálna geografia  |2 konspekt 
080 |a 913(437.6)  |2 2011 
080 |a 908(437.6)  |2 2011 
080 |a 728.5(23)  |2 2011 
080 |a 711.61  |2 2011 
080 |a 640.412(23)  |2 2011 
080 |a 625.712.4  |2 2011 
080 |a (084.121)  |2 2011 
080 |a 336.711  |2 2011 
080 |a 792.05  |2 2011 
100 1 |a Lašut, Filip,  |d 1945-2012  |4 pht  |9 151668 
245 1 0 |a Martin  |h grafika  |c foto: F. Lašut ; grafický návrh: J. Býma 
246 1 |i Názov na adresnej časti:  |a Horský hotel Podstráne 
246 1 |i Názov na adresnej časti:  |a Námestie SNP 
246 1 |i Názov na adresnej časti:  |a Divadlo SNP 
260 |a Bratislava  |b ČSTK-Pressfoto  |c 1989  |e Skalica  |f Grafobal 
300 |a 1 pohľadnica (3 čiastkové pohľady)  |b farebná  |c 15 x 11 cm 
500 |a Názvové údaje prevzaté z obrazovej časti pohľadnice 
520 8 |a Zobrazenie: Tri čiastkové zasnežené pohľady. V prvom pohľade je dole modrým písmom názov. Pohľad na Horský Hotel Podstráne vľavo za zasneženou prázdnou plochou v popredí. Za hotelom je hustý ihličnatý les. Pohľad na Námestie SNP v pozadí s budovou Roľníckej vzájomnej pokladnice (dnes Unicredit Bank). Pohľad na Divadlo SNP vpravo na Námestí SNP. Vľavo hore vidno časť koruny ihličnatého stromu 
610 2 7 |a Divadlo Slovenského národného povstania  |2 SNKKA  |9 232430 
650 0 7 |a horské hotely  |2 SNKPH  |9 116868 
650 0 7 |a námestia  |2 SNKPH  |9 26291 
650 0 7 |a banky  |2 SNKPH  |9 2103 
650 0 7 |a divadlá  |2 SNKPH  |9 29113 
651 7 |a Martin (Slovensko)  |2 SNKPHgeo  |9 16875 
655 7 |a miestne pohľadnice  |2 SNKPH  |9 70510 
655 7 |a geografické pohľadnice  |2 SNKPH  |9 70522 
700 1 |a Býma, J.  |c (grafik)  |4 art  |9 283282 
852 |a Slovenská národná knižnica 
954 |a pohľadnice pôvodné (slovenské)  |2 lita 
958 |a GBN 
958 |a GC 
958 |a OND 
999 |c 613137  |d 615067 
952 |a SNK  |b SNK  |y PREZ  |7 0  |p 17A1411336  |o snkSP 141976  |i snk1439/90  |0 0  |1 0  |4 0  |d 2020-10-21  |f 1  |l 0  |r 2026-02-23 16:29:31  |w 2026-02-23 
952 |a SNK  |b SNK  |y PREZ  |7 0  |p 17A1411337  |o snkSP 141976 D1  |i snk1440/90  |0 0  |1 0  |4 0  |d 2020-10-21  |l 0  |r 2026-02-23 16:29:31  |w 2026-02-23